Architecture : (Record no. 12623)

000 -LEADER
fixed length control field 01333cam a22002418i 4500
003 - CONTROL NUMBER IDENTIFIER
control field OSt
005 - DATE AND TIME OF LATEST TRANSACTION
control field 20240429195436.0
008 - FIXED-LENGTH DATA ELEMENTS--GENERAL INFORMATION
fixed length control field 230215s2023 nju b 001 0 eng
020 ## - INTERNATIONAL STANDARD BOOK NUMBER
International Standard Book Number 9781119853374
Qualifying information (paperback)
082 00 - DEWEY DECIMAL CLASSIFICATION NUMBER
Classification number 720
Edition number 23/eng/20230222
Item number CHI
100 1# - MAIN ENTRY--PERSONAL NAME
Personal name Ching, Francis D. K.,
Dates associated with a name 1943-
Relator term author.
245 10 - TITLE STATEMENT
Title Architecture :
Remainder of title form, space, & order /
Statement of responsibility, etc Francis D.K. Ching.
250 ## - EDITION STATEMENT
Edition statement Fifth edition.
263 ## - PROJECTED PUBLICATION DATE
Projected publication date 2305
300 ## - PHYSICAL DESCRIPTION
Extent pages cm
504 ## - BIBLIOGRAPHY, ETC. NOTE
Bibliography, etc Includes bibliographical references and index.
520 ## - SUMMARY, ETC.
Summary, etc "For more than forty years, the beautifully illustrated Architecture: Form, Space, and Order has served as the classic introduction to the basic vocabulary of architectural design. The updated and revised Fifth Edition features the fundamental elements of space and form, illustrated with many new precedents and discussions of the latest technology trends. It is designed to encourage critical thought in order to promote a more evocative understanding of architecture"--
650 #0 - SUBJECT ADDED ENTRY--TOPICAL TERM
Topical term or geographic name as entry element Architecture
General subdivision Composition, proportion, etc.
650 #0 - SUBJECT ADDED ENTRY--TOPICAL TERM
Topical term or geographic name as entry element Space (Architecture)
776 08 - ADDITIONAL PHYSICAL FORM ENTRY
Display text Online version:
Main entry heading Ching, Francis D. K., 1943-
Title Architecture.
Edition Fifth edition
Place, publisher, and date of publication Hoboken, New Jersey : Wiley, [2023]
International Standard Book Number 9781119853398
Record control number (DLC) 2023007034
942 ## - ADDED ENTRY ELEMENTS (KOHA)
Source of classification or shelving scheme
955 ## - COPY-LEVEL INFORMATION (RLIN)
Book number/undivided call number, CCAL (RLIN) rk11 2023-02-15
Copy status, CST (RLIN) rk11 2023-02-15 to Dewey
Holdings
Withdrawn status Lost status Source of classification or shelving scheme Damaged status Koha normalized classification for sorting Not for loan Permanent location Current location Date acquired Source of acquisition Cost, normal purchase price Total Checkouts Total Renewals Full call number Barcode Date last seen Date last borrowed Cost, replacement price Price effective from Koha item type Checked out
        720_000000000000000_CHI   BMS College of Architecture, Design and Planning BMS College of Architecture, Design and Planning 2024-04-29 10 3184.63 9 2 720 CHI AR-UG3765 2025-11-28 2025-11-14 4753.18 2024-04-29 UG Books  
        720_000000000000000_CHI   BMS College of Architecture, Design and Planning BMS College of Architecture, Design and Planning 2024-04-29 10 3184.63 16 2 720 CHI AR-UG3764 2025-11-11 2025-11-11 4753.18 2024-04-29 UG Books 2025-11-26
        720_000000000000000_CHI   BMS College of Architecture, Design and Planning BMS College of Architecture, Design and Planning 2024-04-29 10 3184.63 3   720 CHI AR-UG3768 2025-10-06 2025-10-06 4753.18 2024-04-29 UG Books 2025-10-21
        720_000000000000000_CHI   BMS College of Architecture, Design and Planning BMS College of Architecture, Design and Planning 2024-04-29 10 3184.63 8   720 CHI AR-UG3767 2025-12-22 2025-12-18 4753.18 2024-04-29 UG Books  
        720_000000000000000_CHI Not For Loan BMS College of Architecture, Design and Planning BMS College of Architecture, Design and Planning 2024-04-29 10 3184.63     720 CHI AR-UG3766 2024-04-29   4753.18 2024-04-29 UG Books  
Copyright © 2025, The Librarian, Library and Information Centre, BMSCA D&P, Bengaluru. All Rights Reserved
web counter

Powered by Koha